Normal view MARC view
  • PWS series in engineering

Entry Uniform Title

Number of records used in: 6

001 - CONTROL NUMBER

  • control field: 263

003 - CONTROL NUMBER IDENTIFIER

  • control field: NUST

005 - DATE AND TIME OF LATEST TRANSACTION

  • control field: 20170510111333.0

008 - FIXED-LENGTH DATA ELEMENTS

  • fixed length control field: 170510|| aca||aabn | a|a d

040 ## - CATALOGING SOURCE

  • Original cataloging agency: NUST
  • Transcribing agency: NUST

130 ## - HEADING--UNIFORM TITLE

  • Uniform title: PWS series in engineering

670 ## - SOURCE DATA FOUND

  • Source citation: Work cat.: (NUST)0: Reynolds, Tom D. 262, Unit Operations and Processes in Environmental Engineering /, c1996.
© 2023 Central Library, National University of Sciences and Technology. All Rights Reserved.